LIBRARY & INFORMATION CENTRE, KCAET, TAVANUR

ONLINE PUBLIC ACCESS CATALOGUE (OPAC)

Malayalam lexicon, Vol 1 / (Record no. 10203)

MARC details
000 -LEADER
fixed length control field 00466cam a2200181ua 4500
041 ## - LANGUAGE CODE
Language code of text/sound track or separate title mal
082 ## - DEWEY DECIMAL CLASSIFICATION NUMBER
Classification number 028.73494
Item number SUR/MA
100 ## - MAIN ENTRY--AUTHOR NAME
Personal name Kunjan Pillai, Suranad .
245 00 - TITLE STATEMENT
Title Malayalam lexicon, Vol 1 /
250 ## - EDITION STATEMENT
Edition statement 1 /
260 ## - PUBLICATION, DISTRIBUTION, ETC. (IMPRINT)
Place of publication Kerala :
Name of publisher The university of Kerala ,
Year of publication 1965.
300 ## - PHYSICAL DESCRIPTION
Number of Pages 1007 ; .
942 ## - ADDED ENTRY ELEMENTS (KOHA)
Koha item type Books
Holdings
Withdrawn status Lost status Damaged status Home library Current library Date acquired Full call number Accession Number Koha item type
      KAUAET KAUAET 07/04/2012 028.73494 9485 Books
free website counter